| 000 | 01803cam a22004574i 4500 | ||
|---|---|---|---|
| 003 | PE-LiUPU | ||
| 005 | 20250731173101.0 | ||
| 008 | 150623s1994 mx rb 000 0 spa d | ||
| 020 | _a9681644573 | ||
| 035 | _a(Sirsi) i9789681644574 | ||
| 040 |
_aPE-LiUPU _bspa _cPE-LiUPU _erda |
||
| 049 | _aPRUA | ||
| 082 | 0 | 4 |
_a280.4 _bB24 _221 |
| 100 | 1 |
_aBastian, Jean Pierre, _eautor. |
|
| 245 | 1 | 0 |
_aProtestantismos y modernidad latinoamericana : _bhistoria de unas minorías religiosas activas en América Latina / _cJean Pierre Bastian. |
| 264 | 1 |
_aMéxico : _bFondo de Cultura Económica, _c1994. |
|
| 300 |
_a351 páginas ; _c22 centímetros |
||
| 336 |
_atext _2rdacontent |
||
| 337 |
_aunmediated _2rdamedia |
||
| 338 |
_avolume _2rdacarrier |
||
| 504 | _aIncluye bibliografía. | ||
| 505 | 0 | _aProtestantismos coloniales -- La herejía luterana en Nueva España -- Sociedades protestantes y modernidad liberal -- Democracia y panamericanismo protestante, 1916-1961 -- La muatción de los protestantismos latinoamericanos, 1961-1992. | |
| 526 | _aSEG42 | ||
| 526 | _aSEG41 | ||
| 526 | _aSEG40 | ||
| 526 | _aSEG39 | ||
| 526 | _aP94 | ||
| 526 | _aP87 | ||
| 526 | _aP86 | ||
| 526 | _aP85 | ||
| 526 | _aP77 | ||
| 526 | _aP76 | ||
| 526 | _aP35 | ||
| 650 | 0 | 4 |
_aProtestantismo _zAmérica Latina. |
| 942 |
_2ddc _cBOOK |
||
| 949 |
_a280.4 B24 _wDEWEY _c1 _i48890 _d2016-1-10 _e2016-1-8 _lCCODEBUL1 _mBUL _n1 _r0 _sY _tBOOK _u2015-6-24 _xTEOLOGIA _PP35 _0COMPRA _o.STAFF. Colección Teología |
||
| 994 |
_aC0 _bPEPRU |
||
| 596 | _a1 | ||
| 999 |
_a280.4 B24 _wDEWEY _c28047 _i48890 _d28047 _e2016-1-8 _f2021-11-11 _g5 _lCCODEBUL1 _mBUL _n1 _p40.00 _q1 _r0 _sY _tBOOK _u2015-6-24 _xTEOLOGIA _PP35 _0COMPRA _o.STAFF. Colección Teología |
||
| 980 |
_81 _gALBERTO SANCHEZ Responsable de Automatización |
||